Entry Personal Name
Number of records used in: 1
001 - CONTROL NUMBER
003 - CONTROL NUMBER IDENTIFIER
005 - DATE AND TIME OF LATEST TRANSACTION
- control field:
20230912162148.0
008 - FIXED-LENGTH DATA ELEMENTS
- fixed length control field:
960418n| azannaabn |n aaa
010 ## - LIBRARY OF CONGRESS CONTROL NUMBER
- LC control number:
n 96038029
035 ## - SYSTEM CONTROL NUMBER
- System control number:
(OCoLC)oca04060392
040 ## - CATALOGING SOURCE
- Original cataloging agency:
DLC
- Language of cataloging:
eng
- Description conventions:
rda
- Transcribing agency:
DLC
- Modifying agency:
UPB
- Modifying agency:
DLC
- Modifying agency:
NN
046 ## - SPECIAL CODED DATES
- Birth date:
1947-03-21
- Source of date scheme:
edtf
100 1# - HEADING--PERSONAL NAME
- Personal name:
Gems, Gerald R.
370 ## - ASSOCIATED PLACE
- Associated country:
United States
- Source of term:
naf
372 ## - FIELD OF ACTIVITY
- Field of activity:
Physical education and training
- Field of activity:
Sports--History
- Source of term:
lcsh
374 ## - OCCUPATION
- Occupation:
College teachers
- Occupation:
Authors
- Source of term:
lcsh
375 ## - GENDER
377 ## - ASSOCIATED LANGUAGE
670 ## - SOURCE DATA FOUND
- Source citation:
Sports in North America, 1992- :
- Information found:
v. 5, t.p. (Gerald R. Gems)
670 ## - SOURCE DATA FOUND
- Source citation:
His Sport and culture formation in Chicago, 1890-1940, 1989:
- Information found:
t.p. (Gerald Robert Gems)
670 ## - SOURCE DATA FOUND
- Source citation:
For pride, profit, and patriarchy, 2000:
- Information found:
t.p. (Gerald R. Gems) p. 225 (B.A. from Northeastern Illinois Univ.; M.S. Arizona; Ph.D. Maryland; editor of Sports in North America; Professor of Health and Physical Education at North Central College; author of Windy City Wars)
670 ## - SOURCE DATA FOUND
- Source citation:
The athletic crusade, c2006:
- Information found:
ECIP t.p. (Gerald Gems) data view (b. 03-21-1947)